| 000 | 00952nam a2200241 a 4500 | ||
|---|---|---|---|
| 001 | BRCA_612 | ||
| 005 | 20190320203101.0 | ||
| 008 | 980330s1998 txua---##b---#001-0#eng-# | ||
| 020 | _a0691059624 | ||
| 040 |
_aDLC _cDLC _dDLC |
||
| 050 | 4 |
_aNK805 _b.A44 1998 |
|
| 245 | 1 | 0 |
_aAmerican decorative arts and paintings in the Bayou Bend Collection _cDavid B. Warren ... [et al.]. |
| 260 |
_a[Houston, Tex.] _bMuseum of Fine Arts, Houston : Princeton University Press _c1998 |
||
| 300 |
_axxii, 468 p. _bil. (algunas a color) _c32 cm. |
||
| 500 | _aIncluye índice alfabético | ||
| 504 | _aBibliografía: p. 429-451 | ||
| 600 | 1 | 4 |
_aHogg, Ima _d1882-1975 _xColecciones de arte _92089 |
| 610 | 2 | 4 |
_aBayou Bend. Museum of Fine Arts _xColecciones _zHouston, Texas (Estados Unidos) _92090 |
| 650 | 1 | 4 |
_aArte americano _xCatálogos _92091 |
| 650 | 1 | 4 |
_aArtes decorativas _xCatálogos _zEstados Unidos _92092 |
| 700 | 1 |
_aWarren, David B. _d1937- _92093 |
|
| 942 |
_2lcc _cB |
||
| 999 |
_c538 _d538 |
||